| 000 | 01060nmm a2200325 a 4500 | ||
|---|---|---|---|
| 001 | ocm0001916747 | ||
| 003 | TR-IsHL | ||
| 005 | 20201028172945.0 | ||
| 008 | 180719s2017 tu tur | ||
| 007 | cr cn | ||
| 020 | _a9786052015988 | ||
| 035 |
_a1916747 _b(N$T) |
||
| 050 | 0 | 4 |
_aGR295.C9 _bA85 2017 |
| 090 | 0 | 4 |
_aGR295.C9 _bA85 2017 |
| 100 | 1 | _aAslaner, Serda Gül | |
| 245 | 1 | 0 |
_aKKTC'de Girne'ye bağlı Şirinevler köyü monografisi _h[electronic resource] / _cSerda Gül Aslaner ; editör Zeki Akçam |
| 250 | _aBirinci basım | ||
| 260 |
_aİstanbul : _bHiperlink Yayınları, _c2017 |
||
| 300 | _a80 p. | ||
| 500 |
_aKaynakça var. _x |
||
| 650 | 4 | _aGenel Çalışmalar | |
| 650 | 4 | _aGeneral Works | |
| 650 | 0 |
_aFolklor _x Kıbrıs |
|
| 650 | 0 |
_aFolklore _x Cyprus |
|
| 650 | 0 |
_aDil _x Kıbrıs |
|
| 650 | 0 |
_aLanguage _x Cyprus |
|
| 650 | 7 |
_aSOCIAL SCIENCE / Folklore & Mythology _2bisacsh |
|
| 700 | 1 | _aAkçam, Zeki | |
| 856 | 4 | 0 | _uhttp://search.ebscohost.com/login.aspx?direct=true&scope=site&db=e011xww&AN=1916747 |
| 999 |
_c17460 _d17460 |
||